Normal view MARC view
  • Industrial design

Entry Topical Term

Number of records used in: 3

001 - CONTROL NUMBER

  • control field: 32638

003 - CONTROL NUMBER IDENTIFIER

  • control field: NUST

005 - DATE AND TIME OF LATEST TRANSACTION

  • control field: 20201019100333.0

008 - FIXED-LENGTH DATA ELEMENTS

  • fixed length control field: 201019|| aca||aabn | a|a d

040 ## - CATALOGING SOURCE

  • Original cataloging agency: NUST
  • Transcribing agency: NUST

150 ## - HEADING--TOPICAL TERM

  • Topical term or geographic name entry element: Industrial design
  • General subdivision: Environmental aspects

670 ## - SOURCE DATA FOUND

  • Source citation: Work cat.: (NUST)338: Papanek, Victor J. 32637, The green imperative :, 1995.
© 2023 Central Library, National University of Sciences and Technology. All Rights Reserved.